I / Me / Myself by Will Wood Lyrics! - Statistics

General Stats
  • This quiz has been taken 144 times
  • The average score is 275 of 418
Answer Stats
Answers % Correct
i
100%
I
100%
I/Me/Myself
100%
a
99%
my
98%
be
97%
to
96%
to?
96%
in
95%
me
95%
you
93%
and
91%
enough
90%
enough?
90%
girl
90%
wish
89%
am
88%
Am
88%
girlfriend
88%
ive
88%
Ive
88%
back
87%
back?
87%
boyfriend
87%
that
87%
been
86%
pretty
86%
could
85%
die?
85%
feeling
85%
light
85%
no
85%
since
85%
headed
84%
lost
84%
the
84%
who
84%
your
83%
for
82%
weight
82%
myself
80%
of
80%
skin
79%
fit
78%
way
78%
side
76%
then
76%
day
75%
bones
74%
think
74%
tea
71%
ground
70%
oh
70%
(Oh
70%
oh)
70%
Oh)
70%
with
70%
feminine
68%
lie
68%
take
68%
what
68%
flower
67%
died
66%
now
66%
some
65%
petals
64%
reason
64%
should
63%
go
62%
(pound
62%
pound)
62%
too
61%
youd
61%
big
60%
confused
60%
feathers
60%
find
60%
little
60%
Little
60%
old
60%
choose
59%
im
59%
world
59%
formaldehyde
58%
tether
58%
thinking
54%
got
53%
brittle
48%
until
48%
whittle
48%
just
45%
while
45%
youve
40%
gained
39%
love
39%
on
38%
it
35%
were
34%
whoa
34%
but
28%
fucking
26%
get
26%
up
26%
at
25%
dressed
25%
if
25%
lighthearted
25%
shadows
24%
time
24%
leg
23%
one
23%
yet
23%
they
22%
when
22%
not
21%
this
18%
know
17%
try
16%
wont
16%
youre
16%
fits
15%
its
15%
physics
15%
show
15%
wrong
15%
body
14%
how
14%
like
14%
shoe
14%
all
13%
cross
13%
being
12%
line
12%
man
12%
must
12%
name
12%
point
12%
quantum
12%
say
12%
slur
12%
stuck
12%
use
12%
would
12%
born
11%
criteria
11%
id
11%
meet
11%
between
10%
called
10%
existence
10%
prosthetic
10%
witness
10%
anesthetic
9%
before
9%
brings
9%
heard
9%
really
9%
void
9%
worse
9%
c-c-c-c-cover
8%
contention
8%
Eating
8%
fill
8%
isnt
8%
prefer
8%
whole
8%
first
7%
give
7%
let
7%
our
7%
pathetic
7%
privilege
7%
become
5%
seeing
5%
walking
5%
early
4%
out
4%
well
4%
youll
4%
(were so alike)
3%
acetic
2%
taxonomize
1%
Ah-Ah-Ah-Ah-Ah-Ah-Ah-Aah
0%
diffrences
0%
feelung
0%
Oh-Oh-Oh-Oh-Oh-Oh-Oh-Ooh
0%
Oh-Oh-Oh-Oh-Ooh
0%
taxidermy fingerprints
0%
No matching quizzes found
Score Distribution
Percent of People with Each Score
Percentile by Number Answered
Your Score History
You have not taken this quiz